駅絞り込みクイズ~JR西日本編①~ - Statistics

General Stats
  • This quiz has been taken 60 times
  • The average score is 4 of 7
Answer Stats
該当数 条件 Answer % Correct
112 金沢管内である
100%
38 電化されていない
75%
58 1面1線である
74%
21 平均乗車人員が一桁
43%
6 名前に旧国名を冠しているもの
30%
3 その路線の開業当初からある駅
26%
1 駅周辺に学校がない 越前薬師
25%
No matching quizzes found
Score Distribution
Percent of People with Each Score
Percentile by Number Answered
Your Score History
You have not taken this quiz